000 00895cam a22002654a 4500
001 12526373
003 OSt
005 20180606151525.0
008 010905r20022000iluab 000 0 eng
010 _a 2001047623
020 _a1566634210 (alk. paper)
040 _aDLC
_cDLC
_dDLC
042 _apcc
050 0 0 _aD23
_b.B48 2002
082 0 0 _a909
_221
100 1 _aBlainey, Geoffrey.
245 1 2 _aA short history of the world /
_cGeoffrey Blainey.
260 _aChicago :
_bDee,
_c2002.
300 _axi, 464 p. :
_bill., maps ;
_c24 cm.
500 _aOriginally published: Ringwood, Vic.: Viking, 2000.
650 0 _aWorld history.
906 _a7
_bcbc
_corignew
_d1
_eocip
_f20
_gy-gencatlg
942 _2lcc
_cBK
999 _c53015
_d53015